000 00927nam a2200253 a 4500
001 000019082
005 20200929165921.0
008 911107s1992 sp b s001 0 cat
010 _a91214269
020 _a8439315007
040 _aDO-SdBNP
_cDLC
043 _an------
_as------
_ae-sp---
050 0 0 _aE123
_b.P65 1992
100 2 _aPina Homs, Roman,
_d1937-
_941059
245 1 3 _aLa debatuda exclusio catalano-aragonesa de la conquesta d'America /
_cRoma Pinya i Homs.
250 _a1. ed.
260 _a[Barcelona] :
_bGeneralitat de Catalunya, Comissio America i Catalunya 1992,
_c1992.
300 _a205 p. ;
_c24 cm.
440 0 _aColleccio Joan Orpi
_941060
504 _aIncludes bibliographical references (p. 141-167) and index.
651 0 _aAmerica
_xDiscovery And Exploration
_xSpanish.
_941061
651 0 _aSpain
_xHistory
_yFerdinand and Isabella, 1479-1516.
_928452
910 _aCatalogación derivada / LC
999 _c18600
_d18600